Household Management (illustrated) (Record no. 362709)

MARC details
000 -LEADER
fixed length control field 003250000a22001330004500
005 - DATE AND TIME OF LATEST TRANSACTION
control field 20120302064640.0
040 ## - CATALOGING SOURCE
Original cataloging agency Eng
100 ## - MAIN ENTRY--PERSONAL NAME
Personal name
--
Numeration
Titles and other words associated with a name
245 ## - TITLE STATEMENT
Title Household Management (illustrated)
260 ## - PUBLICATION, DISTRIBUTION, ETC. (IMPRINT)
Place of publication, distribution, etc London : Oldhams Press Limited .
300 ## - PHYSICAL DESCRIPTION
Extent 512 p.
650 ## - SUBJECT ADDED ENTRY--TOPICAL TERM
Topical term or geographic name as entry element Miscellanous / Sankirna / Kitchen
942 ## - ADDED ENTRY ELEMENTS (KOHA)
Koha item type Book
Holdings
Withdrawn status Lost status Damaged status Not for loan Home library Current library Date acquired Total Checkouts Barcode Date last seen Price effective from
        Institute For Oriental Study, Thane Institute For Oriental Study, Thane 12/02/2009   IOS-E 23763 12/02/2009 12/02/2009